Biblioteca
Vista normal Vista MARC
  • Iglesias Orientales

Entrada Tema o Materia

Número de registros utilizados en: 3

001 - NUMERO DE CONTROL

  • Campo de control: 1148

003 - IDENTIFICADOR DEL NUMERO DE CONTROL

  • Campo de control: CO-MdFUSB

005 - HORA Y FECHA DE LA ULTIMA TRANSACCIÓN

  • Campo de control: 20180310103345.0

008 - CAMPO DE LONGITUD FIJA

  • Campo fijo de descripción fija: 060505n| acannaabn |a aaa

040 ## -

  • : CO-MdFUSB
  • : CO-MdFUSB

053 #0 - NUMERO DE CLASIFICACIÓN (LC)

  • Número clasificador : BX100
  • Número del ítem: BX189

150 ## - ENCABEZAMIENTO DE MATERIA-TEMA

  • Téma o Materia: Iglesias Orientales

450 ## - REFERENCIA DE ENVIO “VEASE” - MATERIA

  • Encabezamiento temático : Ritos orientales

510 2# - VÉASE ADEMAS - NOMBRE CORPORATIVO

  • Nombre corporativo o de jurisdicción: Iglesia oriental ortodoxa
  • Subcampo de control: h

550 ## - REFERENCIA DE ENVIO "VEASE ADEMAS" - MATERIA

  • Encabezamiento temático o nombre geográfico como elemento de entrada: a
  • Subcampo de control: g

550 ## - REFERENCIA DE ENVIO "VEASE ADEMAS" - MATERIA

  • Encabezamiento temático o nombre geográfico como elemento de entrada: Iglesias Ortodoxas Orientales
  • Subcampo de control: h

670 ## - FUENTE EN LA QUE SE LOCALIZARON DATOS

  • Cita de la fuente : ARMARC

680 ## - Nota general pública

  • Texto explicativo: Úsese para las obras que tratan conjuntamente de las confesiones religiosas Orientales, Católicas y Ortodoxas

750 #0 - ASIENTO LIGADO AL ENCABEZAMIENTO - TEMATICO

  • Número de control del registro: sh 85040605
  • Encabezamiento temático : Eastern churches

Biblioteca FUSBC | Teléfono: (57+4) 349 88 10 Ext. 141| WhatsApp (+57) 3005338115 
E-mail: biblioteca@unisbc.edu.co | Calle 76 87-14 Robledo Palenque, Medellín, Colombia

Con tecnología Koha